000
00325nam a2200133Ia 4500
008
240624s9999 xx 000 0 und d
041
_a
eng
082
_a
005.1 JON
100
_a
JONES T CAPERS
245
_a
ESTIMATING SOFTWARE COSTS
260
_c
2005
_a
New Delhi
_b
Tata McGrawhill
300
_a
xix, : 724 : p.
365
_c
RS
999
_c
3215
_d
3215